Online
Catalog

Diccionario gastronómico cubano : (Record no. 16972)

MARC details
000 -CABECERA
campo de control de longitud fija 00948nam a2200229 a 4500
001 - NÚMERO DE CONTROL
campo de control 000017447
005 - FECHA Y HORA DE LA ÚLTIMA TRANSACCIÓN
campo de control 20200929165122.0
008 - DATOS DE LONGITUD FIJA--INFORMACIÓN GENERAL
campo de control de longitud fija 100324s2007 cu a r 000 0 spa d
020 ## - NÚMERO INTERNACIONAL ESTÁNDAR DEL LIBRO
Número Internacional Estándar del Libro 9789590504877
040 ## - FUENTE DE LA CATALOGACIÓN
Centro catalogador/agencia de origen DO-SdBNP
Lengua de catalogación spa
Centro/agencia transcriptor BNPHU
082 ## - NÚMERO DE LA CLASIFICACIÓN DECIMAL DEWEY
Número de clasificación 641.01303
Número de documento/Ítem F727d
049 ## - FONDOS LOCALES (OCLC)
Fondos de biblioteca BNRE
100 1# - ENTRADA PRINCIPAL--NOMBRE DE PERSONA
Nombre de persona Fornet Piña, Fernando,
Fechas asociadas al nombre 1939-
9 (RLIN) 38146
245 10 - MENCIÓN DE TÍTULO
Título Diccionario gastronómico cubano :
Resto del título café, helados, flora y fauna, cocina tradicional, coctelería y bebidas, términos internacionales /
Mención de responsabilidad, etc. Fernando Fornet Piña ; edición María Luisa Acosta Hernández ; prólogo Eddy Fernández Monte.
260 ## - PUBLICACIÓN, DISTRIBUCIÓN, ETC.
Lugar de publicación, distribución, etc. La Habana, Cuba :
Nombre del editor, distribuidor, etc. Científico-Técnica,
Fecha de publicación, distribución, etc. 2007.
300 ## - DESCRIPCIÓN FÍSICA
Extensión xi, 169 p. :
Otras características físicas il. ;
Dimensiones 18 cm.
650 #4 - PUNTO DE ACCESO ADICIONAL DE MATERIA--TÉRMINO DE MATERIA
Término de materia o nombre geográfico como elemento de entrada Gastronomía
Subdivisión de forma DICCIONARIO
9 (RLIN) 38147
650 #4 - PUNTO DE ACCESO ADICIONAL DE MATERIA--TÉRMINO DE MATERIA
Término de materia o nombre geográfico como elemento de entrada Cocina
Subdivisión geográfica Cuba
Subdivisión de forma DICCIONARIO
9 (RLIN) 38148
700 1# - PUNTO DE ACCESO ADICIONAL--NOMBRE DE PERSONA
Nombre de persona Acosta Hernández, María Luisa,
Término indicativo de función/relación ed.
9 (RLIN) 38149
700 1# - PUNTO DE ACCESO ADICIONAL--NOMBRE DE PERSONA
Nombre de persona Fernández Monte, Eddy,
Término indicativo de función/relación pról.
9 (RLIN) 38150
910 ## - DATOS DE OPCIÓN DEL USUARIO (OCLC)
Datos de opción del usuario Catalogación original
Holdings
Estado de retiro Estado de pérdida Restricciones de uso No para préstamo Código de colección Localización permanente Ubicación/localización actual Ubicación en estantería Fecha de adquisición Número de inventario Total de préstamos Signatura topográfica completa Código de barras Fecha visto por última vez Precio válido a partir de Tipo de ítem Koha
    Préstamo interno   Monografías: Libros y Folletos General General En catalogación 24.03.2010 LF1   641.01303 F727d 17447-10 25.06.2020 25.06.2020 Préstamo interno

Powered by Koha